2025-2026 Premier League Statistical Leaders - Statistics

General Stats
  • This quiz has been taken 33 times
  • The average score is 18 of 40
Answer Stats
% Correct
1 Erling Haaland 26
100%
4 Erling Haaland 8
100%
1 Erling Haaland 101
100%
1 Erling Haaland 25.16
100%
1 Bruno Fernandes 20
93%
2 Igor Thiago 22
80%
3 Igor Thiago 66
80%
2 Igor Thiago 20.53
80%
4 João Pedro 15
77%
4 Joao Pedro 14.36
77%
1 Virgil van Dijk 2729
70%
1 Virgil van Dijk 3330
70%
3 Antoine Semenyo 16
67%
2 Antoine Semenyo 67
67%
5 Gabriel Magalhães 34
67%
5 Viktor Gyökeres 14
60%
5 Bryan Mbeumo 58
50%
4 Jordan Pickford 3330
50%
2 Rayan Cherki 12
47%
1 Martin Dubravka 127
30%
2 Robin Roefs 107
30%
4 Dominic Calvert-Lewin 65
27%
3 Dominic Calvert-Lewin 15.33
27%
3 Jarrod Bowen 10
27%
5 Bart Verbruggen 101
23%
3 Bart Verbruggen 3330
23%
4 Caiomhin Kelleher 103
23%
5 Dominik Szoboszlai 7
23%
3 Djordje Petrovic 103
20%
4 Elliot Anderson 2340
20%
5 Jean-Philippe Mateta 14.13
20%
1 James Tarkowski 50
17%
3 Lewis Dunk 2411
17%
2 Bernd Leno 3330
13%
2 Jan Paul van Hecke 2450
13%
5 Joachim Andersen 2275
7%
2 Marcos Senesi 45
7%
3 Nathan Collins 38
7%
5 James Garner 3324
3%
4 Nikola Milenković 34
3%
No matching quizzes found
Score Distribution
Percent of People with Each Score
Percentile by Number Answered
Your Score History
You have not taken this quiz